Situación de los derechos humanos en Chile: informe anual 2013
Wedi'i Gadw mewn:
| Awdur Corfforaethol: | |
|---|---|
| Fformat: | Llyfr |
| Iaith: | Sbaeneg |
| Cyhoeddwyd: |
Santiago
Instituto Nacional de Derechos Humanos
2013
|
| Rhifyn: | 1a. ed |
| Pynciau: | |
| Tagiau: |
Ychwanegu Tag
Dim Tagiau, Byddwch y cyntaf i dagio'r cofnod hwn!
|
MARC
| LEADER | 00000cam a2200000 a 4500 | ||
|---|---|---|---|
| 001 | UCE4325 | ||
| 003 | CL-VaPUC | ||
| 008 | 141016e20130000cl |||||||||||||||||spa|d | ||
| 020 | |a 9789569025495 | ||
| 082 | 0 | 4 | |a 323.4083 |b INS |2 21 |
| 110 | 2 | |a Instituto Nacional de Derechos Humanos |e author |9 576901 | |
| 245 | 1 | 0 | |a Situación de los derechos humanos en Chile: informe anual 2013 |
| 250 | |a 1a. ed | ||
| 300 | |a 292 p | ||
| 942 | |c BK | ||
| 945 | |d 20141016 12:02:00 |a arojas | ||
| 260 | |a Santiago |b Instituto Nacional de Derechos Humanos |c 2013 | ||
| 650 | 0 | |a Derechos fundamentales |9 254841 | |
| 650 | 0 | |a Derechos humanos |9 223025 | |
| 651 | 7 | |a CHILE |2 CL-VaPUC |9 576902 | |
| 583 | |a last modification |c 20141016 12:02:00 |k Rodrigo Vera | ||
| 999 | |c 357328 |d 357326 | ||
| 952 | |0 0 |1 0 |3 erb |4 0 |6 323_408300000000000_INS_2013 |7 0 |8 A |9 465211 |a BIBGIM |b BIBGIM |i 511957K |o 323.4083 INS 2013 |p 511957K |r 2025-01-15 |w 2019-11-23 |y BK |z Catalogado en:20141016 |k SSL | ||
| 952 | |0 0 |1 0 |3 erb |4 0 |6 323_408300000000000_INS_2013 |7 0 |8 A |9 465212 |a BIBDER |b BIBDER |i 5143063 |o 323.4083 INS 2013 |p 5143063 |r 2023-01-25 |w 2019-11-23 |y BK |z Catalogado en:20150326 |k DER | ||